000 10212namaa22004571i 4500
003 EG-GICUC
005 20260223121344.0
008 260213s2025 ua a|||frm||| 000 0 eng d
040 _aEG-GICUC
_beng
_cEG-GICUC
_dEG-GICUC
_erda
041 0 _aeng
_beng
_bara
049 _aDeposit
082 0 4 _a581.7
092 _a581.7
_221
097 _aPh.D
099 _aCai01.12.05.Ph.D.2025.Am.C
100 0 _aAmal Abdel-Bassir Draz,
_epreparation.
245 1 0 _aChemosystematic studies of selected taxa of family zygophyllaceae in Egypt /
_cby Amal Abdel-Bassir Draz ; Supervision Prof. Dr. Hasnaa Ahmed Hosni, Prof. Dr. Eman Mahmoud Shamso, Prof. Dr. Salwa Ali Kawashty, Prof. Dr. Sameh Reda Awaad.
246 1 5 _aدراسات التصنيف الكيميائي للنباتات المختاره من العائله الرطريطية في مصر
264 0 _c2025.
300 _a176 pages :
_billustrations :
_c25 cm. +
_eCD.
336 _atext
_2rda content
337 _aUnmediated
_2rdamedia
338 _avolume
_2rdacarrier
502 _aThesis (Ph.D)-Cairo University, 2025
504 _aBibliography: pages 9-11.
520 3 _aFive species belonging to three genera of the family Zygophyllaceae R. Br. in Egypt (Fagonia Tourn. ex L., Tribulus L. &Zygophyllum L.) were collected and studied from botanical, chemical, molecular, and biological perspectives. The botanical studies included investigation of their morphological, anatomical, leaf epidermal, and palynological characters using scanning electron and light microscopy. The chemical investigation provided a detailed chemical profile of the studied taxa. Gas Chromatography–Flame Ionization Detection (GC-FID) was used to analyze their fatty acid constituents, while Liquid Chromatography–Electrospray Ionization–Tandem Mass Spectrometry (LC-ESI-MS/MS) was employed for the tentative identification of various polar chemical classes, which were represented in informative molecular networks constructed using GNPS. Molecular studies were performed to detect the genetic variation among the species and their respective populations,which was assessed using ISSR DNA fingerprinting. Furthermore, the antioxidant activities of the investigated plants were evaluated. The obtained results enabled a comparative analysis among the studied taxa through multivariate statistical analysis using Minitab software. The taxonomic relationships among the species were also examined and discussed in comparison with the previous classification systems of Zygophyllaceae. The results revealed that Tribulus species are taxonomically distinct from those of the other two genera, while a closer affinity was observed between the investigated Fagonia and Zygophyllum species. Additionally, the studied taxa of Tribulus terrestris L. demonstrated the species’ phenotypic plasticity, with two forms recognized and identified as T. terrestris var. terrestris and T. terrestris var. orientalis. Furthermore, the DPPH assay conducted on the extracts of the studied plants revealed weak to moderate free radical scavenging activity at a concentration of 500 µg/ml, with cell viability ranging between 63.5% and 90.1%. Moreover, the variant plasticity of the Zygophyllaceae members and the subsequent possible misidentification of its taxa were declared through a review on Tribulus pentandrus Forssk..
520 3 _aالهدف الرئيسى من هذه الدراسة هو تحديد العلاقة التصنيفية بين خمسا من الأنواع النباتية التابعة للعائلة الرطريطية فى مصر إعتمادا على دراسات مفصلة و متكاملة لخصائص هذه النباتات المورفولوجية و التشريحية و خصائص حبوب اللقاح لهم إضافة إلى دراسة محتواهم الكيميائى و الوراثى و تحديد مدى التباين بينهم فيما يخص هذه البيانات و دراسة ما يتبع هذا التباين من تنوع فى تأثيرهم البيولوجى كمضادات للأكسدة و فى النهاية الخروج بتصور واضح للوضع التصنيفى الخاص بالنباتات المدروسة. و تحتوى هذه الدراسة على أربعة فصول: - الفصل الأول هو عبارة عن دراسة مرجعية عن أحد هذه النباتات موضع الدراسة الحالية و هو نبات Tribulus pentandrus و تشمل الدراسة عرض ما سبق نشره عن النبات من دراسات نباتية ؛ كيميائية ؛ وراثية و بيولوجية. و توضح هذه الدراسة ما كان شائعا من خلافات فى عملية تعريف هذا النبات لما يتواجد من تشابه كبير بينه و بين العديد من النباتات التابعة لنفس جنسه فتم سرد الدراسات التى تعاملت مع هذه المشكلة بتخصصاتها المختلفة من دراسات نباتية مورفولوجية و تشريحية و دراسات لحبوب اللقاحو أخرى كيميائية. - يهدف الفصل الثانى إلى إثبات التنوع الوراثى بين ثلاثا من المجموعات النباتية المجمعة من أماكن مختلفة و التى تتبع نفس النوع و هوTribulus Terrestris بإستخدام الدليل الوراثى ISSRو ما ترتب على ذلك من تنوع المحتوى الكيميائى لهذه المجموعات والذى تم تحديده من خلال تقنيات مثل LC-ESI-MS/MSو GC-FID و دراسة مدى توافق هذه النتائج مع التباين فى خصائصهم المورفولوجية إضافة إلى خصائص سطح الورقة و حبوب اللقاح. تم تمثيل التباين فى محتوى النباتات الكيميائى فى هذه الدراسة من خلال شبكات GNPs للتوضيح و التأكيد على إختلاف المحتوى الكيميائى فيما بينهم. كما تم تحليل قدرة مستخلصات كيميائية مختلفة من هذه المجموعات النباتية (معدة بإستخدام مذيبات الميثانول تركز 70% و ثنائى إيثيل الأيثر) على العمل كمضادات للأكسدة و توضيح التباين فى قدرات هذه المستخلصات بيولوجيا. - الفصلالثالث يوضح التنوع الوراثى بين خمسا من الأنواع النباتية التى تتبع ثلاثا من الأجناس و هم Tribulus و Fagonia و Zygophyllum بإستخدام الدليل الوراثى ISSR و كذلك دراسة محتواهم الكيميائى بإستخدام تقنيات مثل LC-ESI-MS/MSو GC-FID وللوقوف على العلاقة التصنيفية بينهم بتحديد مدى التقارب أو التباعد فيما بينهم. كما تم تحليل قدرة مستخلصات الميثانول تركيز 70% و ثنائى إيثيل الأيثر من هذه الأنواع النباتية على العمل كمضادات للأكسدة و توضيح التباين فى قدراتهم البيولوجية. - تم تمثيل التباين فى محتوى النباتات الكيميائى فى هذه الدراسة من خلال شبكات GNPs للتوضيح و التأكيد على إختلاف المحتوى الكيميائى بينهم. - الفصل الرابع: تقدّم هذه الدراسة تحليلاً مقارنًا شاملاً لستة من الأنواع المصرية التابعة للعائلة الرطريطية ، و الممثلة للأجناس Fagonia، وZygophyllum، وTribulus. و قد تم عمل دراسة متكاملة تضم دراسات مورفولوجية، وتشريحية، وصفات حبوب اللقاح بإستخدام كلا من المجهر الضوئي(LM) والمجهر الإلكتروني الماسح(SEM) . و يعد الهدف الرئيسي للدراسة هو تقييم الأهمية التصنيفية لهذه الصفات المدروسة وتعزيز دقة تعريف وتصنيف هذه الأنواع داخل العائلة.وقد اشتملت الدراسات المورفولوجية صفات تركيب الأوراق ، والصفات المظهرية للأزهار والثمار، بالإضافة إلى خصائص البذور، و على الجانب الاخر ركزت الدراسات التشريحية على تنظيم و توزيع الأنسجة في السيقان والعناقيد الورقية وأنصال الأوراق ، مع التركيز على صفات البشرة الخارجية للأوراق، وأنماط الأنسجة الوعائية، وتوزيع البلورات. أما تحليل حبوب اللقاح فقد أظهر تباين واضح في حجم حبوب اللقاح، وقطبيتها، وأنواع الفتحات، وأنماط زخرفة السطح الخارجى لها. و أوضحت هذه الدراسة القيمة التصنيفية للتكامل بين النتائج المورفولوجية والتشريحية وحبوب اللقاح فى اعتبار جنس Tribulus كوحدة تصنيفية متميزة داخل عائلة Zygophyllaceae.
530 _aIssues also as CD.
546 _aText in English and abstract in Arabic & English.
650 0 _aPlant ecology
650 0 _aعلم بيئة النبات
653 1 _aZygophyllaceae
_aBotanical investigation
_aGC-FID
_aLC-ESI-MS/MS
_aISSR DNA fingerprinting
_aDNA barcoding
_aAntioxidant activity
_aMultivariate statistical analysis
700 0 _aHasnaa Ahmed Hosni
_ethesis advisor.
700 0 _aEman Mahmoud Shamso
_ethesis advisor.
700 0 _aSalwa Ali Kawashty
_ethesis advisor.
700 0 _aSameh Reda Awaad
_ethesis advisor.
900 _b01-01-2025
_cHasnaa Ahmed Hosni
_cEman Mahmoud Shamso
_cSalwa Ali Kawashty
_cSameh Reda Awaad
_UCairo University
_FFaculty of Science
_DDepartment of Botany and Microbiology
905 _aShimaa
_eEman Ghareb
942 _2ddc
_cTH
_e21
_n0
999 _c178426